| 000 | 00821nam a22002417a 4500 | ||
|---|---|---|---|
| 999 |
_c19000 _d19000 |
||
| 003 | AR-CdUCM | ||
| 008 | 190516b ||||| |||| 00| 0 spa d | ||
| 040 |
_aMUNICIPALIDAD PROVINCIAL DEL CUSCO _cBIBLIOTECA MUNICIPAL DEL CUSCO |
||
| 041 | _heng | ||
| 082 |
_a614.71 / _bK65 |
||
| 100 |
_aKneese, Allen V. _940015 |
||
| 245 | _aCosto de la contaminación / | ||
| 260 |
_aBuenos Aires : _bMarymar, _c1975. |
||
| 300 |
_a138 páginas ; _c23 cm. |
||
| 440 |
_aColección Ecología _940016 |
||
| 505 | _aContenido: Los problemas -- Algunos antecedentes técnicos -- La legislación federal anterior a 1970 y sus problemas... | ||
| 650 |
_aLeyes _94808 |
||
| 650 |
_aContaminación _98804 |
||
| 650 |
_aReservas de energia _940017 |
||
| 700 |
_aLandes, Daniel _9185 |
||
| 942 |
_2ddc _cLIBROS |
||
| 945 |
_adavv _d2019-05-16 |
||